Types of Saxophones - Statistics

General Stats
  • This quiz has been taken 1,274 times
    1,271 since last reset
  • The average score is 6 of 10
Answer Stats
Key Saxophone % Correct
Eb Alto Saxophone
99%
Bb Tenor Saxophone
97%
Bb Soprano Saxophone
92%
Eb Baritone Saxophone
88%
Bb Bass Saxophone
85%
Eb Contrabass Saxophone
62%
Eb Sopranino Saxophone
39%
F Mezzo-Soprano / F Alto Saxophone
24%
C C Melody Saxophone
21%
C C Soprano Saxophone
7%
No matching quizzes found
Score Distribution
Percent of People with Each Score
Percentile by Number Answered
Your Score History
You have not taken this quiz since the last reset